BTS A-Z - Statistics

General Stats
  • This quiz has been taken 2,294 times
  • The average score is 17 of 26
Answer Stats
Hint Answer % Correct
R Stage name of Kim Namjoon RM
94%
J Family name of Jungkook Jeon
93%
B Their entertainment Big Hit
92%
F RM learned English from this series Friends
92%
M ___ of the Soul: Persona Map
92%
H Singer featured in "Boy With Luv" Halsey
88%
Y Given name of Suga Yoongi
87%
I "You can't stop me lovin' myself" IDOL
83%
T Their junior group TXT
80%
C Rapping series Cypher
68%
A American DJ they collaborated with Steve Aoki
67%
W Album of Lie, Awake etc. Wings
65%
L Their anti-violence campaign Love Yourself
64%
E "I'm the one I should love " Epiphany
62%
D First title track of J-Hope Daydream
58%
X "Dream Glow" collaborator: Charli... XCX
57%
V What V's name stands for Victory
54%
S This song won the best music video in 2017 MAMA Spring Day
53%
G Hometown of J-Hope Gwangju
44%
O Their second album O!RUL82
44%
P The producer behind many of the greatest hits of BTS Pdogg
43%
U UN agency they joined with to stop violence UNICEF
40%
N "You Never Walk Alone" song Not Today
39%
Z First name of the artist they sang with in "A Brand New Day" Zara
39%
Q Band they cite as an influence Queen
32%
K Jin and this member of VIXX are close friends Ken
23%
No matching quizzes found
Score Distribution
Percent of People with Each Score
Percentile by Number Answered
Your Score History
You have not taken this quiz